| 000 | 00609nas a2200217 4500 | ||
|---|---|---|---|
| 001 | BR9507001 | ||
| 003 | BR-BrBNA | ||
| 005 | 20231205094505.0 | ||
| 007 | ta | ||
| 008 | 230509b bl.|||p| |||| 00| 00por d | ||
| 040 |
_aBR-BrBNA _bpor _cBiblioteca Nacional de Agricultura |
||
| 041 | _a(Pt) | ||
| 072 | _aF01 | ||
| 100 | 1 | _aAnon. | |
| 245 | 1 | _aAraticum: e epoca de colheita | |
| 650 | _aAraticum do Brejo | ||
| 650 | _aPratica Cultural | ||
| 773 | 0 |
_tLavoura (Brazil) _xISSN 0023-9135 _g(May-Jun 1995), v. 98(613) p. 42-43 _wBR9507001 |
|
| 909 |
_a202311 _bLúcia _c55 _dLúcia Elande |
||
| 942 |
_2AGRIS _n0 _cANA |
||
| 999 |
_c144725 _d144725 |
||